Normal view
MARC view
- Dostoevsky,F.
Entry Personal Name
001 - CONTROL NUMBER
- control field: 21462
003 - CONTROL NUMBER IDENTIFIER
- control field: NUST
005 - DATE AND TIME OF LATEST TRANSACTION
- control field: 20190926101927.0
008 - FIXED-LENGTH DATA ELEMENTS
- fixed length control field: 190926|| aca||aabn | a|a d
040 ## - CATALOGING SOURCE
- Original cataloging agency: NUST
- Transcribing agency: NUST
100 ## - HEADING--PERSONAL NAME
- Personal name: Dostoevsky,F.
670 ## - SOURCE DATA FOUND
- Source citation: Work cat.: (NUST)369464: Dostoevsky,F., Brothers Karamazov : The Constance Garnett Translation Revised by Ralph E. Matlaw Backgrounds and Sources Essays in Criticism, 1976.
